| 000 | 00000nam##2200000za#4500 |
| 001 | 9.576654 |
| 003 | CaOODSP |
| 005 | 20210624185235 |
| 007 | cr ||||||||||| |
| 008 | 150406|1987||||xxc|||||o f|0| 0 eng|d |
| 040 | |aCaOODSP|beng |
| 043 | |an-cn--- |
| 086 | 1 |aFs97-13/646E-PDF |
| 110 | 1 |aCanada. |bDepartment of Fisheries and Oceans. |
| 245 | 10|aChemical characteristics of selected rivers in Cumberland and Colchester Counties, Nova Scotia, 1984 / |h[electronic resource]|c[by] D.K. MacPhail, D. Ashfield and G.J. Farmer. |
| 260 | |aHalifax - Nova Scotia : |bFisheries and Oceans Canada |c1987. |
| 300 | |a26p.|bfigs., references, tables |
| 490 | 1 |aCanadian data report of fisheries and aquatic sciences|vNo. 646 |
| 500 | |aOn t.p.: Enhancement, Culture and Anadromous Fisheries Division, Biological Sciences, Halifax, Nova Scotia. Catalogue number of the print edition appears in the PDF version. |
| 546 | |a(Résumé en français) |
| 590 | |a13-18-Supp|b2013-08-01 |
| 720 | 1 |aFarmer, G. J. |
| 720 | 1 |aAshfield, D. |
| 720 | 1 |aMacPhail, D. K. |
| 830 | #0|aCanadian data report of fisheries and aquatic sciences ;|vNo. 646|w(CaOODSP)9.505124 |
| 856 | 40|ahttp://publications.gc.ca|qPDF|s356 KB|uhttps://publications.gc.ca/collections/collection_2013/mpo-dfo/Fs97-13-646-eng.pdf|yNo. 646 |